000
00252nam a2200109Ia 4500
008
190914s9999||||xx |||||||||||||| ||und||
100
_a
Ganda Singh
245
0
_a
Ahmed Shah Abdali
260
_a
Canada
_b
Mushtaq Book
_c
2004
300
_a
828
942
_c
BK
999
_c
9673
_d
9673